000 00237nam a22000857a 4500
008 160702b xxu||||| |||| 00| 0 eng d
100 _91766
_a Gupta, R.G
245 _aLaboratory Manual Mathematics
260 _aNew Delhi
_bArya Publication
_c2004
999 _c1470
_d1470